000
003060000a22001330004500
005
20120302062830.0
942
_c
BOOK
100
_a
RUSELL,BERTRAND
245
_a
HUMAN KNOWLEDGE
260
_a
NEW YORK : A GULF WESTERN CO.,1976
300
_a
524 P.
040
_a
ENG
650
_a
SANKIRNA/ KNOWLEDGE
999
_c
357796
_d
357793